[Event "Challenge"]
[Site "http://www.queenalice.com/game.php?id=359721"]
[Date "2008.2.23"]
[Round "-"]
[White "ALBERT_"]
[Black "smazinga"]
[Result "0-1"]
[WhiteElo "1365"]
[BlackElo "1976"]

1. a4 e5 2. e4 Nf6 3. d3 d5 4. exd5 Nxd5 5. c4 Bb4+ 6. Bd2 Bxd2+ 7. Qxd2 Nf4 8.
g3 Ng6 9. f3 Nc6 10. Ra3 O-O 11. Bg2 Nd4 12. Nc3 c6 13. Ne4 b6 14. Rc3 c5 0-1

[Event "Challenge"]
[Site "http://www.queenalice.com/game.php?id=359723"]
[Date "2008.2.23"]
[Round "-"]
[White "ALBERT_"]
[Black "NimbleKnight"]
[Result "0-1"]
[WhiteElo "1392"]
[BlackElo "1926"]

1. a4 d5 2. Nc3 e5 3. e4 dxe4 4. Nxe4 Bf5 5. Qh5 Bxe4 6. a5 Bxc2 7. Bb5+ c6 8.
Bc4 Bg6 9. Qh3 Nf6 10. d3 Bb4+ 11. Kd1 e4 12. Qe3 O-O 13. Ra4 Bxa5 14. b4 Bb6
15. Qg3 Bc7 16. Bf4 Bxf4 17. Qxf4 b5 18. Bb3 bxa4 19. Bc4 exd3 20. Nf3 Nbd7 21.
g4 Nb6 22. Ba2 Nfd5 23. Qe5 Nxb4 24. Bb1 Re8 25. Qc3 Qd5 26. Rf1 Qxf3+ 27. Kc1
Qxg4 28. f3 Qc4 29. Qxc4 Nxc4 0-1

[Event "Challenge"]
[Site "http://www.queenalice.com/game.php?id=359922"]
[Date "2008.2.24"]
[Round "-"]
[White "ALBERT_"]
[Black "viicgs"]
[Result "0-1"]
[WhiteElo "1349"]
[BlackElo "1213"]

1. Nh3 e5 2. a4 Nc6 3. e3 g6 4. Nc3 Bg7 5. g4 d6 6. b3 e4 7. Nxe4 Bxa1 8. c3 Nf6
9. f3 Nxe4 10. fxe4 Qe7 11. Ba3 Qxe4 12. Nf2 Qe5 13. Qxa1 Qg5 14. c4 Rg8 15. c5
dxc5 16. Bc4 Be6 17. d4 Qxe3+ 18. Kf1 Nxd4 19. b4 Bxc4+ 20. Kg1 Qf3 21. Qe1+
Ne2+ 22. Kf1 Kf8 23. h4 Re8 24. Rh3 Ng3+ 25. Kg1 Rxe1+ 26. Kh2 Qxf2# 0-1

[Event "Challenge"]
[Site "http://www.queenalice.com/game.php?id=360110"]
[Date "2008.2.24"]
[Round "-"]
[White "ALBERT_"]
[Black "danielsaraujo"]
[Result "0-1"]
[WhiteElo "1233"]
[BlackElo "1671"]

1. a4 e6 2. h3 d5 3. d4 Nc6 4. Nf3 Qf6 5. Qd3 Nb4 6. Qc3 c6 7. Bg5 Qf5 8. g4 Qg6
9. h4 Nxc2+ 10. Kd1 Nxa1 11. e3 Qxb1+ 12. Qc1 Qa2 13. Nd2 Qxa4+ 14. b3 Nxb3 15.
Qc2 Qa1+ 16. Qb1 Qxb1+ 17. Nxb1 a5 18. Rh3 a4 19. e4 Nxd4 20. exd5 a3 21. Be3 e5
22. f4 Bxg4+ 23. Kc1 Bxh3 24. Bxh3 a2 25. dxc6 bxc6 26. Bg2 a1=Q 27. fxe5 Ba3+
28. Kd1 Qxb1+ 29. Kd2 Bb4# 0-1

[Event "Challenge"]
[Site "http://www.queenalice.com/game.php?id=363243"]
[Date "2008.2.29"]
[Round "-"]
[White "ALBERT_"]
[Black "txukahamae"]
[Result "1-0"]
[WhiteElo "1259"]
[BlackElo "1730"]

1. d4 d5 2. e3 Nf6 3. c3 e6 4. f4 c5 5. dxc5 Bxc5 6. Qb3 b6 7. a4 Bb7 8. a5 O-O
9. Qb5 Nbd7 10. g4 Nxg4 11. a6 Bc8 12. Bh3 Nxe3 13. Qc6 Nc2+ 14. Kd1 Nxa1 15.
Qxa8 b5 16. Qc6 Qb6 17. Qxb6 Bxb6 18. f5 Bxa6 19. fxe6 fxe6 20. Bxe6+ Rf7 21.
Nh3 Kf8 22. Ng5 Re7 23. Bf4 Ke8 24. Re1 h6 25. Bf7+ Kf8 26. Bd6 1-0

[Event "Challenge"]
[Site "http://www.queenalice.com/game.php?id=363874"]
[Date "2008.3.1"]
[Round "-"]
[White "jaychess"]
[Black "ALBERT_"]
[Result "1-0"]
[WhiteElo "1591"]
[BlackElo "1390"]

1. e4 e5 2. Bc4 Nf6 3. d4 Nxe4 4. Qf3 Nd6 5. dxe5 Nxc4 6. Qe4 b5 7. Qxa8 Ba6 8.
Qf3 Nxe5 9. Qe3 Nc6 10. Nc3 b4 11. Nd5 Rg8 12. b3 d6 13. Nf3 g5 14. Nxg5 Bh6 15.
h4 f6 16. Ne6 Qd7 17. Ndxc7+ Ke7 18. Qxh6 Rc8 19. Qxh7+ Nf7 20. Qe4 Nce5 21. Bb2
Rb8 22. f4 Bb7 23. Qe2 Qc6 24. Rh2 Qb6 25. O-O-O a5 26. fxe5 fxe5 27. g4 Rg8 28.
g5 Nd8 29. Qc4 Rh8 30. g6 Qe3+ 31. Kb1 Bf3 32. g7 1-0

[Event "Challenge"]
[Site "http://www.queenalice.com/game.php?id=367560"]
[Date "2008.3.8"]
[Round "-"]
[White "ALBERT_"]
[Black "Bixu"]
[Result "0-1"]
[WhiteElo "1356"]
[BlackElo "1705"]

1. d4 Nc6 2. e3 e5 3. d5 Nb4 4. f4 exf4 5. a3 Na6 6. exf4 d6 7. Nh3 Be7 8. b3
Bf6 9. Ra2 Bxh3 10. gxh3 Bh4+ 11. Ke2 Qe7+ 12. Be3 Nf6 13. Rg1 O-O 14. Kd2 Nxd5
15. Bd4 c5 16. Rxg7+ Kh8 17. Rxf7+ cxd4 18. Rxe7 Bxe7 19. Bd3 Nxf4 20. Bf1 Bg5
21. Kc1 Nd3# 0-1

[Event "Challenge"]
[Site "http://www.queenalice.com/game.php?id=367561"]
[Date "2008.3.8"]
[Round "-"]
[White "Bixu"]
[Black "ALBERT_"]
[Result "1-0"]
[WhiteElo "1702"]
[BlackElo "1367"]

1. Nc3 d6 2. e4 c5 3. Bb5+ Bd7 4. Qh5 g6 5. Qd5 Bc6 6. Nf3 Qd7 7. Ng5 a6 8.
Qxf7+ Kd8 9. Qxf8+ Qe8 10. Ne6+ Kd7 11. Nd5 Nf6 12. Qxe8+ Nxe8 13. Nef4 axb5 14.
Nb6+ Kd8 15. Ne6# 1-0

[Event "Challenge"]
[Site "http://www.queenalice.com/game.php?id=368014"]
[Date "2008.3.9"]
[Round "-"]
[White "ALBERT_"]
[Black "igorzz"]
[Result "0-1"]
[WhiteElo "1392"]
[BlackElo "1867"]

1. e3 e5 2. b3 Nc6 3. c4 Nf6 4. d4 exd4 5. exd4 Qe7+ 6. Be2 d5 7. Nc3 a6 8. Rb1
Bf5 9. Ra1 Rd8 10. Qd2 dxc4 11. bxc4 Rxd4 12. Qb2 Rxc4 13. Kf1 Rb4 14. Qd2 Qe6
15. a3 Rd4 16. Qb2 Nd5 17. Nf3 Rg4 18. g3 Nxc3 19. Qxc3 Be7 20. h3 Bf6 21. Qd2
Rc4 22. Rb1 Bxb1 23. Qd1 Re4 24. Ng1 O-O 25. Bd2 Ba2 26. Bf3 Bc4+ 27. Kg2 Re5
28. h4 Rd8 0-1

[Event "Challenge"]
[Site "http://www.queenalice.com/game.php?id=369770"]
[Date "2008.3.12"]
[Round "-"]
[White "Bixu"]
[Black "ALBERT_"]
[Result "1-0"]
[WhiteElo "1716"]
[BlackElo "1393"]

1. e4 e5 2. Nc3 d6 3. Bc4 g6 4. Nf3 Nc6 5. Ng5 Qxg5 6. Qf3 Be6 7. Nd5 Nd4 8. Qc3
Rc8 9. d3 Qxg2 10. Rf1 Nf3+ 11. Ke2 Bg4 12. Ne3 Nxh2+ 13. Ke1 Nf3+ 14. Ke2 Ng1+
15. Ke1 Qf3 16. Qd2 Be7 17. Rxg1 Bh3 18. Rg3 Qh1+ 19. Ke2 Nf6 20. b3 Nh5 21. Rf3
g5 22. Bxf7+ Kd8 23. Bxh5 Rf8 24. Bb2 Qh2 25. Bg4 h5 26. Rxh3 Rxf2+ 27. Kd1
Rxd2+ 28. Kc1 Qf2 29. Rxh5 Qe1+ 30. Nd1 Rg2 31. Bc3 Qg3 32. Rh8+ Bf8 33. Rxf8+
Ke7 34. Rxc8 Qxg4 35. Rxc7+ Ke6 36. Ne3 Qf3 37. Nxg2 Qf1+ 38. Kb2 Qxg2 39. Rxb7
Qf2 40. Rh1 Qf6 41. Rxa7 g4 42. Be1 Qg6 43. a4 g3 44. Bxg3 Qf6 45. a5 Qf8 46.
Rh6+ Qxh6 47. a6 Qe3 48. Rg7 Qd4+ 49. Kb1 d5 50. a7 Kf6 51. Rb7 Qg1+ 52. Ka2
Qxg3 53. a8=Q dxe4 54. Rb6+ Kf5 55. Qf8+ Kg4 56. Rg6+ Kh3 57. Qf5+ Kh4 58. Rh6#
1-0

[Event "Challenge"]
[Site "http://www.queenalice.com/game.php?id=371525"]
[Date "2008.3.15"]
[Round "-"]
[White "Drica"]
[Black "ALBERT_"]
[Result "0-1"]
[WhiteElo "1694"]
[BlackElo "1309"]

1. e4 e5 2. Qf3 Nh6 3. Bc4 Bc5 4. d3 d5 5. exd5 Bg4 6. Qe4 Nd7 7. h3 f5 8. Bg5
Qxg5 9. hxg4 fxe4 10. dxe4 Nxg4 11. Nh3 Bxf2+ 12. Nxf2 Qe3+ 13. Be2 Nxf2 14. Rh5
Rf8 15. Rxh7 Nxe4 16. Rh3 Qg1+ 17. Bf1 Rxf1+ 18. Ke2 Qxg2+ 19. Ke3 Ndc5 20. Rh8+
Kd7 21. Rxa8 Qf3# 0-1

[Event "AUTO-INT-842"]
[Site "http://www.queenalice.com/game.php?id=375196"]
[Date "2008.3.22"]
[Round "1"]
[White "rgoncalves"]
[Black "ALBERT_"]
[Result "1-0"]
[WhiteElo "1565"]
[BlackElo "1413"]

1. e4 e5 2. d4 d5 3. dxe5 dxe4 4. Qxd8+ Kxd8 5. Bd2 Nc6 6. Bc3 Bb4 7. f4 Bc5 8.
Ne2 Bf5 9. Ng3 Bc8 10. Nxe4 Be7 11. e6 1-0

[Event "AUTO-INT-842"]
[Site "http://www.queenalice.com/game.php?id=375213"]
[Date "2008.3.22"]
[Round "1"]
[White "ALBERT_"]
[Black "coffeesean"]
[Result "0-1"]
[WhiteElo "1366"]
[BlackElo "1498"]

1. d4 g6 2. e3 Bg7 3. b3 c5 4. Bb2 a6 5. Nh3 h5 6. Bc4 Nh6 7. Qf3 f5 8. Bc1 cxd4
9. Ba3 Nc6 10. Bb2 e5 11. e4 Nb4 0-1

[Event "Challenge"]
[Site "http://www.queenalice.com/game.php?id=388527"]
[Date "2008.4.16"]
[Round "-"]
[White "ALBERT_"]
[Black "Bixu"]
[Result "0-1"]
[WhiteElo "1380"]
[BlackElo "1750"]

1. d4 Nf6 2. e3 d5 3. Nc3 c6 4. Bd2 Bg4 5. f3 Bf5 6. g4 Bg6 7. h4 h6 8. h5 Bh7
9. e4 dxe4 10. f4 Qxd4 11. Nge2 Qd6 12. Qc1 Nxg4 13. Nd1 Nd7 14. b4 b5 15. Bh3
Ndf6 16. Qa3 a5 17. Qg3 a4 18. Bxg4 e3 19. Bxe3 Qxb4+ 20. Kf1 Nxg4 21. Qxg4 e6
22. Qg2 Be4 23. Qh2 Bxh1 0-1